000 01111nam a22002895i 4500
003 EG-ScBUE
005 20250528095757.0
008 161221s2016 ii a f 001 0 eng d
020 _a9789325984462
020 _a9325984466
040 _aEG-ScBUE
_beng
_erda
_cEG-ScBUE
_dEG-ScBUE
082 0 4 _222
_a530.141
_bSAL
100 1 _941736
_aSalivahanan, S.‏,
_eauthor.
245 1 0 _aElectromagnetic field theory /
_cS. Salivahanan, principal SSn College of Engineering, Chennai, S. Karthie, assistant professor, Department of Electronics and Communication Engineering, SSN College of Engineering, Chennai.
264 1 _aNew Delhi :
_bVikas Publishing House, Pvt., Ltd.,
_c2016.
300 _axi, 721 pages :
_billustrations ;
_c20 cm
336 _2rdacontent
_atext
_btxt
337 _aunmediated
_2rdamedia
_bn
338 _avolume
_bnc
_2rdacarrier
500 _aIncludes index.
500 _aIncludes appendix.
650 7 _aElectromagnetic fields.
_2BUEsh
_99181
650 7 _91928
_aElectromagnetism.
_2BUEsh
655 _vReading book
700 1 _941737
_aKarthie, S.,
_eauthor.
942 _2ddc
_cBB
999 _c23686
_d23658